000 00352nam a2200157Ia 4500
003 OSt
005 20240311143724.0
008 170523s9999 xx 000 0 und d
020 _a978-9332542228
040 _ciimtu meerut
100 _aROBBINS- SP
245 0 _aORGANISATIONAL BEHAVIOR
260 _bPEARSON EDU
260 _c2003
942 _2ddc
_c02
999 _c1395
_d1395